000 00273nam a2200109Ia 4500
008 200302s9999 xx 000 0 und d
100 _aHarold Spencer
245 _aReadings in Art History Vol 2
260 _bCharles Scribners Sons. Inc.
260 _c1969
300 _a407 P.,
999 _c2210
_d2210